[Event "GER-chT U20 Girls"]
[Site "Muenster"]
[Date "2022.12.28"]
[Round "4"]
[White "Peglau, Mirjam"]
[Black "Stowicek, Yara Mathilda"]
[Result "1/2-1/2"]
[WhiteElo "1875"]
[BlackElo "1764"]
[PlyCount "59"]
[EventDate "2022.12.26"]
[EventType "team-swiss"]
[EventRounds "7"]
[EventCountry "GER"]
[SourceTitle "CBM 212 Extra"]
[Source "ChessBase"]
[SourceDate "2023.03.31"]
[SourceVersion "1"]
[SourceVersionDate "2023.03.31"]
[SourceQuality "1"]
[WhiteTeam "Seeblick"]
[BlackTeam "Halle USV"]
[WhiteTeamCountry "GER"]
[BlackTeamCountry "GER"]

1. Nf3 Nf6 2. b3 g6 3. Bb2 Bg7 4. e3 e6 5. c4 d5 6. Nc3 0-0 7. d4 b6 8. Rc1 Bb7 9. Be2 Nbd7 10. 0-0 c5 11. Qc2 Rc8 12. cxd5 Nxd5 13. Nxd5 Bxd5 14. Qd2 Rc7 15. dxc5 Nxc5 16. Bxg7 Kxg7 17. Qd4+ f6 18. b4 Ne4 19. Bd3 Nd6 20. a3 Bb7 21. e4 e5 22. Qe3 Qe7 23. Rxc7 Qxc7 24. Rc1 Qd7 25. Ne1 Rc8 26. f3 Rxc1 27. Qxc1 Qc6 28. Qxc6 Bxc6 29. Kf2 Kf7 30. Ke3 1/2-1/2

[Event "GER-ch U18 Girls"]
[Site "Willingen"]
[Date "2021.08.27"]
[Round "7"]
[White "Trams, Emma Joe"]
[Black "Stowicek, Yara Mathilda"]
[Result "1/2-1/2"]
[WhiteElo "1466"]
[BlackElo "1823"]
[PlyCount "79"]
[EventDate "2021.08.22"]
[EventType "swiss"]
[EventRounds "9"]
[EventCountry "GER"]
[SourceTitle "EXT 2022"]
[Source "ChessBase"]
[SourceDate "2021.10.06"]
[SourceVersion "1"]
[SourceVersionDate "2021.10.06"]
[SourceQuality "1"]

1. e4 e5 2. Nf3 Nc6 3. Bb5 a6 4. Ba4 Nf6 5. 0-0 Nxe4 6. Re1 Nc5 7. Nxe5 Nxe5 8. Rxe5+ Be7 9. Nc3 0-0 10. d3 d6 11. Re3 d5 12. d4 Nxa4 13. Nxa4 Bd6 14. h3 Bf5 15. Nc3 c6 16. Ne2 Qh4 17. Ng3 Bg6 18. c3 f5 19. Nf1 Rae8 20. Bd2 Bh5 21. f3 f4 22. Rxe8 Rxe8 23. Be1 Qg5 24. Nh2 Bg6 25. Ng4 h5 26. Ne5 Bxe5 27. dxe5 Qxe5 28. b4 Bf5 29. a4 g5 30. Bd2 Kf7 31. Qe1 Qe2 32. Qxe2 Rxe2 33. Be1 Bd3 34. Bf2 Kf6 35. Rc1 Kf5 36. a5 g4 37. hxg4+ hxg4 38. Re1 g3 39. Rxe2 Bxe2 40. Bd4 1/2-1/2

[Event "GER-ch U18 Girls"]
[Site "Willingen"]
[Date "2021.08.26"]
[Round "5"]
[White "Bardorz, Jana"]
[Black "Stowicek, Yara Mathilda"]
[Result "1/2-1/2"]
[WhiteElo "1883"]
[BlackElo "1823"]
[PlyCount "99"]
[EventDate "2021.08.22"]
[EventType "swiss"]
[EventRounds "9"]
[EventCountry "GER"]
[SourceTitle "EXT 2022"]
[Source "ChessBase"]
[SourceDate "2021.10.06"]
[SourceVersion "1"]
[SourceVersionDate "2021.10.06"]
[SourceQuality "1"]

1. e4 e5 2. Nf3 Nc6 3. Bb5 a6 4. Ba4 Nf6 5. Nc3 Bd6 6. d3 h6 7. 0-0 0-0 8. a3 Re8 9. Re1 Bf8 10. Nd5 b5 11. Bb3 d6 12. c3 Na5 13. Ba2 c6 14. Nxf6+ Qxf6 15. b4 Nb7 16. a4 Be6 17. Bb2 Bxa2 18. Rxa2 Qe6 19. Qa1 Qc8 20. Ra3 Nd8 21. Qa2 Ne6 22. Ra1 Rb8 23. Bc1 c5 24. Be3 g5 25. axb5 axb5 26. Ra7 Re7 27. Qd5 cxb4 28. cxb4 Nf4 29. Qb3 Qg4 30. Bxf4 Qxf4 31. h3 Rxa7 32. Rxa7 Qc1+ 33. Kh2 Qf4+ 34. Kh1 Rc8 35. Ra1 Rc1+ 36. Rxc1 Qxc1+ 37. Ng1 Qc6 38. Ne2 Kg7 39. Ng3 Kg6 40. Qd1 Qc8 41. Qh5+ Kf6 42. Qf3+ Kg6 43. Kh2 Qe6 44. Qh5+ Kh7 45. Qf3 Kg6 46. Nf5 Qb3 47. Ne3 Qxd3 48. Qf5+ Kg7 49. Nd5 Qc4 50. f3 1/2-1/2

[Event "GER-ch U18 Girls"]
[Site "Willingen"]
[Date "2021.08.26"]
[Round "6"]
[White "Stowicek, Yara Mathilda"]
[Black "Garbuz, Nicole"]
[Result "0-1"]
[WhiteElo "1823"]
[BlackElo "1695"]
[PlyCount "46"]
[EventDate "2021.08.22"]
[EventType "swiss"]
[EventRounds "9"]
[EventCountry "GER"]
[SourceTitle "EXT 2022"]
[Source "ChessBase"]
[SourceDate "2021.10.06"]
[SourceVersion "1"]
[SourceVersionDate "2021.10.06"]
[SourceQuality "1"]

1. e4 e5 2. Nf3 Nc6 3. Bc4 Nf6 4. d3 Bc5 5. c3 a6 6. Bb3 Ba7 7. 0-0 d6 8. Nbd2 0-0 9. Re1 Ng4 10. Rf1 Nh6 11. Nc4 Qf6 12. h3 Kh8 13. Bg5 Qg6 14. Qd2 f6 15. Bxh6 gxh6 16. Kh2 f5 17. exf5 Bxf5 18. Bc2 Bxh3 19. Nh4 Qe6 20. Ne3 Rf4 21. g3 Bxf1 22. gxf4 Qh3+ 23. Kg1 Rg8+ 0-1

[Event "GER-chT U20 Girls"]
[Site "Willingen"]
[Date "2021.06.26"]
[Round "5.1"]
[White "Stowicek, Yara Mathilda"]
[Black "Pavlov, Liliane"]
[Result "1-0"]
[WhiteElo "1736"]
[BlackElo "1740"]
[PlyCount "67"]
[EventDate "2021.06.23"]
[EventType "team-swiss"]
[EventRounds "7"]
[EventCountry "GER"]
[SourceTitle "CBM 203 Extra"]
[Source "ChessBase"]
[SourceDate "2021.09.30"]
[SourceVersion "1"]
[SourceVersionDate "2021.09.30"]
[SourceQuality "1"]
[WhiteTeam "Halle USV"]
[BlackTeam "Regensburg Bavaria"]
[WhiteTeamCountry "GER"]
[BlackTeamCountry "GER"]

1. e4 c5 2. c3 d6 3. Nf3 Nf6 4. d3 Nc6 5. Be3 e5 6. Nbd2 h6 7. h3 Be6 8. d4 cxd4 9. cxd4 exd4 10. Nxd4 Nxd4 11. Bxd4 Be7 12. Bd3 0-0 13. 0-0 Qa5 14. Bc3 Qh5 15. Qe1 Rac8 16. Qe3 g5 17. f4 d5 18. Bd4 dxe4 19. Nxe4 Nd5 20. Qg3 f5 21. fxg5 hxg5 22. Qe5 Qg6 23. Ng3 Nf4 24. Bxf5 Bxf5 25. Nxf5 Rxf5 26. Qxe7 Re8 27. Qb4 Qc6 28. Rf2 Ne2+ 29. Kh1 Ng3+ 30. Kh2 Qc7 31. Qb3+ Kh7 32. Qxg3 Qxg3+ 33. Kxg3 Rxf2 34. Bxf2 1-0

[Event "GER-chT U20 Girls"]
[Site "Willingen"]
[Date "2021.06.24"]
[Round "1.3"]
[White "Stowicek, Yara Mathilda"]
[Black "Hartmann, Maria"]
[Result "1-0"]
[WhiteElo "1736"]
[BlackElo "733"]
[PlyCount "101"]
[EventDate "2021.06.23"]
[EventType "team-swiss"]
[EventRounds "7"]
[EventCountry "GER"]
[SourceTitle "CBM 203 Extra"]
[Source "ChessBase"]
[SourceDate "2021.09.30"]
[SourceVersion "1"]
[SourceVersionDate "2021.09.30"]
[SourceQuality "1"]
[WhiteTeam "Halle USV"]
[BlackTeam "Landskrone"]
[WhiteTeamCountry "GER"]
[BlackTeamCountry "GER"]

1. e4 e5 2. Nf3 Nc6 3. Bc4 Bc5 4. c3 d6 5. d3 Bg4 6. Nbd2 Nf6 7. a4 0-0 8. b4 Bxb4 9. cxb4 Nxb4 10. Qb3 Nc6 11. Qxb7 Nd4 12. Nxd4 exd4 13. Qb2 Rb8 14. Qxd4 Nh5 15. h3 Bd7 16. Nf3 Qe8 17. 0-0 Be6 18. Be3 Bxc4 19. Qxc4 h6 20. Qxc7 Rd8 21. Qxa7 Qc6 22. Rfc1 Qa8 23. Qxa8 Rxa8 24. Rc6 Rfd8 25. a5 Nf6 26. a6 Ne8 27. a7 Rd7 28. Rac1 Raxa7 29. Bxa7 Rxa7 30. Rc8 Kf8 31. Nd4 Re7 32. Nb5 Kg8 33. Nxd6 Kf8 34. Nxe8 Rxe8 35. Rxe8+ Kxe8 36. Rc7 Kd8 37. Rxf7 Ke8 38. Rxg7 Kf8 39. Ra7 h5 40. e5 h4 41. e6 Ke8 42. d4 Kd8 43. d5 Ke8 44. d6 Kf8 45. Ra8+ Kg7 46. d7 Kf6 47. d8Q+ Kxe6 48. Qa5 Kd7 49. Ra6 Kc8 50. Ra7 Kb8 51. Qc7# 1-0

[Event "GER-chT U20 Girls"]
[Site "Willingen"]
[Date "2021.06.24"]
[Round "2.3"]
[White "Wolterink, Jule"]
[Black "Stowicek, Yara Mathilda"]
[Result "0-1"]
[WhiteElo "1441"]
[BlackElo "1736"]
[PlyCount "84"]
[EventDate "2021.06.23"]
[EventType "team-swiss"]
[EventRounds "7"]
[EventCountry "GER"]
[SourceTitle "CBM 203 Extra"]
[Source "ChessBase"]
[SourceDate "2021.09.30"]
[SourceVersion "1"]
[SourceVersionDate "2021.09.30"]
[SourceQuality "1"]
[WhiteTeam "Nordhorn Blanke"]
[BlackTeam "Halle USV"]
[WhiteTeamCountry "GER"]
[BlackTeamCountry "GER"]

1. d4 Nf6 2. Bf4 e6 3. e3 c5 4. c3 Nc6 5. Nf3 d5 6. Nbd2 Bd6 7. Bd3 0-0 8. 0-0 Qe7 9. Re1 e5 10. dxe5 Nxe5 11. Nxe5 Bxe5 12. Bxe5 Qxe5 13. Nf3 Qc7 14. Qc2 Re8 15. Rad1 Bg4 16. Be2 Rad8 17. c4 b6 18. h3 Bh5 19. cxd5 Nxd5 20. Rd2 Bg6 21. Qc4 Re4 22. Qb3 Nb4 23. Rxd8+ Qxd8 24. Rd1 Qc7 25. a3 Nc6 26. Bd3 c4 27. Bxc4 Na5 28. Bxf7+ Bxf7 29. Qd3 Re8 30. Ng5 Bg6 31. Qd5+ Kh8 32. e4 h6 33. Ne6 Qe7 34. Nf4 Bxe4 35. Re1 Bxd5 36. Ng6+ Kh7 37. Rxe7 Rxe7 38. Nxe7 Be6 39. b4 Nc4 40. Nc6 Nxa3 41. Kf1 Nc2 42. Ke2 Bd5 0-1

[Event "GER-chT Christmas U20 Girls"]
[Site "Playchess.com INT"]
[Date "2020.12.29"]
[Round "6.3"]
[White "Stowicek, Yara Mathilda"]
[Black "Butenandt, Svenja"]
[Result "1/2-1/2"]
[WhiteElo "1736"]
[BlackElo "2014"]
[PlyCount "119"]
[EventDate "2020.12.29"]
[EventType "team-swiss (blitz)"]
[EventRounds "7"]
[EventCountry "GER"]
[SourceTitle "CBM 200 Extra"]
[Source "ChessBase"]
[SourceDate "2021.03.31"]
[SourceVersion "1"]
[SourceVersionDate "2021.03.31"]
[SourceQuality "1"]
[WhiteTeam "Halle USV"]
[BlackTeam "Solingen"]
[WhiteTeamCountry "GER"]
[BlackTeamCountry "GER"]

1. e4 c5 2. c3 d5 3. exd5 Qxd5 4. d4 g6 5. Nf3 Bg7 6. Be3 cxd4 7. Bxd4 Nf6 8. Nbd2 0-0 9. Bc4 Qd8 10. 0-0 Nc6 11. Be3 Qc7 12. Qe2 Bg4 13. h3 Bd7 14. Rad1 Rfd8 15. Bb3 e6 16. Nd4 Nxd4 17. Bxd4 Bc6 18. Nf3 Nd5 19. Ne5 Nf4 20. Qe3 Nxg2 21. Qe2 Nf4 22. Qe3 Nd5 23. Bxd5 Bxd5 24. b3 b6 25. f3 Qe7 26. Qf4 Bb7 27. Rd2 Qf6 28. Qg4 Qf5 29. Qxf5 exf5 30. Rff2 Rac8 31. Kg2 Rd5 32. Rfe2 Rcd8 33. Nc4 Bxd4 34. cxd4 Rxd4 35. Rxd4 Rxd4 36. Re7 Ba6 37. Ne5 Rd2+ 38. Kg3 Re2 39. Rxa7 Rxe5 40. Rxa6 Re6 41. a4 Kg7 42. b4 Kf6 43. a5 bxa5 44. Rxe6+ Kxe6 45. bxa5 Kd6 46. Kf4 f6 47. Ke3 Kc5 48. a6 Kb6 49. Kd4 Kxa6 50. Kd5 Kb5 51. Ke6 Kc5 52. Kxf6 Kd4 53. Kg7 Ke3 54. Kxh7 Kxf3 55. Kxg6 f4 56. h4 Ke4 57. h5 f3 58. h6 f2 59. h7 f1Q 60. h8Q 1/2-1/2

[Event "GER-chT U14 Girls"]
[Site "Neumuenster"]
[Date "2019.12.30"]
[Round "7.1"]
[White "Moradi, Yassaman"]
[Black "Stowicek, Yara Mathilda"]
[Result "0-1"]
[WhiteElo "1293"]
[BlackElo "1682"]
[PlyCount "118"]
[EventDate "2019.12.27"]
[EventType "team-swiss"]
[EventRounds "7"]
[EventCountry "GER"]
[SourceTitle "CBM 194 Extra"]
[Source "ChessBase"]
[SourceDate "2020.03.31"]
[SourceVersion "1"]
[SourceVersionDate "2020.03.31"]
[SourceQuality "1"]
[WhiteTeam "Priestewitz"]
[BlackTeam "Halle USV"]
[WhiteTeamCountry "GER"]
[BlackTeamCountry "GER"]

1. e4 e5 2. Nf3 Nc6 3. d4 exd4 4. Nxd4 Qh4 5. Nxc6 Qxe4+ 6. Qe2 Qxe2+ 7. Bxe2 dxc6 8. Nc3 Nf6 9. 0-0 Bf5 10. Bd3 Bxd3 11. Re1+ Be7 12. cxd3 Rd8 13. Bf4 Rd7 14. h3 Kd8 15. a3 Re8 16. Rad1 Kc8 17. Bg5 Red8 18. Re3 Nd5 19. Rg3 Bxg5 20. Rxg5 f6 21. Rg3 Nf4 22. Re3 Nxd3 23. Rb1 Ne5 24. Ree1 Rd2 25. Ne4 R2d5 26. Nc3 Rd3 27. Ne4 b6 28. Nc3 R8d7 29. Ne4 Nc4 30. Nc3 Nxb2 31. Rxb2 Rxc3 32. Ra2 Rcd3 33. Raa1 Kd8 34. Kf1 Re7 35. Rec1 c5 36. g3 Rd2 37. Kg2 Ree2 38. Rf1 c4 39. Rac1 b5 40. h4 Ra2 41. Rc3 Rac2 42. Rxc2 Rxc2 43. Kf3 Rc3+ 44. Ke2 Rxa3 45. Kd2 a5 46. Kc2 b4 47. Kb2 c3+ 48. Kc2 Ra2+ 49. Kb3 Rb2+ 50. Ka4 c2 51. Rc1 b3 52. Kb5 Rb1 53. Rxb1 cxb1Q 54. Kxa5 Qa2+ 55. Kb4 b2 56. Kc3 b1Q 57. Kd4 Qac2 58. Ke3 Qd3+ 59. Kf4 Qe4# 0-1

[Event "GER-chT U14 Girls"]
[Site "Neumuenster"]
[Date "2019.12.29"]
[Round "5.1"]
[White "Sinner, Joselyne"]
[Black "Stowicek, Yara Mathilda"]
[Result "1/2-1/2"]
[WhiteElo "1407"]
[BlackElo "1682"]
[PlyCount "46"]
[EventDate "2019.12.27"]
[EventType "team-swiss"]
[EventRounds "7"]
[EventCountry "GER"]
[SourceTitle "CBM 194 Extra"]
[Source "ChessBase"]
[SourceDate "2020.03.31"]
[SourceVersion "1"]
[SourceVersionDate "2020.03.31"]
[SourceQuality "1"]
[WhiteTeam "Porz SG"]
[BlackTeam "Halle USV"]
[WhiteTeamCountry "GER"]
[BlackTeamCountry "GER"]

1. e4 e5 2. Nf3 Nc6 3. Nc3 Nf6 4. Bb5 Bb4 5. 0-0 0-0 6. d3 d6 7. Bg5 Bxc3 8. bxc3 Qe7 9. Re1 Nd8 10. Bc1 h6 11. Qe2 Nh7 12. d4 Bg4 13. h3 Bxf3 14. Qxf3 Ne6 15. Qd3 Qf6 16. Be3 Rad8 17. Bc4 Nf4 18. Bxf4 Qxf4 19. Qe3 Qf6 20. Rad1 a6 21. Bb3 Ng5 22. f3 Ne6 23. Bxe6 Qxe6 1/2-1/2

[Event "GER-chT U14 Girls"]
[Site "Neumuenster"]
[Date "2019.12.28"]
[Round "4.1"]
[White "Stowicek, Yara Mathilda"]
[Black "Nguyen, Jenny Ha Linh"]
[Result "1-0"]
[WhiteElo "1682"]
[BlackElo "1387"]
[PlyCount "67"]
[EventDate "2019.12.27"]
[EventType "team-swiss"]
[EventRounds "7"]
[EventCountry "GER"]
[SourceTitle "CBM 194 Extra"]
[Source "ChessBase"]
[SourceDate "2020.03.31"]
[SourceVersion "1"]
[SourceVersionDate "2020.03.31"]
[SourceQuality "1"]
[WhiteTeam "Halle USV"]
[BlackTeam "Leipzig SG"]
[WhiteTeamCountry "GER"]
[BlackTeamCountry "GER"]

1. e4 c6 2. d4 d5 3. exd5 cxd5 4. Bd3 Nc6 5. c3 Qc7 6. h3 Nf6 7. Nf3 e5 8. dxe5 Nxe5 9. Bc2 Bd6 10. 0-0 0-0 11. Bg5 Ned7 12. Nd4 a6 13. Nd2 b5 14. N2f3 Bb7 15. Nf5 Bc5 16. N3d4 Rac8 17. Rc1 Ba7 18. Bh4 Qb6 19. Ne7+ Kh8 20. Nxc8 Rxc8 21. Re1 Qd8 22. Nf5 Bc5 23. Re2 Nf8 24. Bg3 Ne6 25. Qd2 h6 26. Be5 Kg8 27. Qd3 Nf8 28. Qg3 Ng6 29. Nxh6+ Kf8 30. Bxg6 fxg6 31. Qxg6 Qd7 32. Bxf6 Rc6 33. Bxg7+ Qxg7 34. Qe8# 1-0

[Event "GER-ch U16 Girls"]
[Site "Willingen"]
[Date "2019.06.14"]
[Round "8"]
[White "Stowicek, Yara Mathilda"]
[Black "Wagner, Victoria"]
[Result "0-1"]
[WhiteElo "1692"]
[BlackElo "1808"]
[PlyCount "74"]
[EventDate "2019.06.08"]
[EventType "swiss"]
[EventRounds "9"]
[EventCountry "GER"]
[SourceTitle "CBM 191 Extra"]
[Source "ChessBase"]
[SourceDate "2019.09.30"]
[SourceVersion "1"]
[SourceVersionDate "2019.09.30"]
[SourceQuality "1"]

1. e4 c5 2. c3 Nf6 3. e5 Nd5 4. d4 cxd4 5. Qxd4 e6 6. Nf3 Nc6 7. Qe4 f5 8. Qe2 Qc7 9. g3 b6 10. Bg2 Ncb4 11. c4 Ba6 12. b3 b5 13. Na3 Nc3 14. Qd2 Ne4 15. Qe2 bxc4 16. bxc4 Rc8 17. Nh4 g6 18. Bb2 Bxc4 19. Nxc4 Qxc4 20. Qxc4 Rxc4 21. 0-0 Nd3 22. Bxe4 fxe4 23. Rab1 Bc5 24. Ng2 0-0 25. Nf4 Nxf2 26. Kg2 Ng4 27. Rfc1 Ne3+ 28. Kh1 Rb8 29. Ba1 Rxb1 30. Rxb1 Bb6 31. a3 Ng4 32. h3 Nf2+ 33. Kg2 Rc2 34. a4 Ng4+ 35. Kf1 Rf2+ 36. Ke1 Ba5+ 37. Kd1 Ne3+ 0-1

[Event "JBLN Ost 1819"]
[Site "Germany"]
[Date "2019.02.23"]
[Round "7.5"]
[White "Stowicek, Yara Mathilda"]
[Black "Gillmeister, Gino"]
[Result "1/2-1/2"]
[WhiteElo "1730"]
[BlackElo "1664"]
[PlyCount "34"]
[EventDate "2018.09.29"]
[EventType "team-tourn"]
[EventRounds "9"]
[EventCountry "GER"]
[SourceTitle "CBM 189 Extra"]
[Source "ChessBase"]
[SourceDate "2019.06.03"]
[SourceVersion "1"]
[SourceVersionDate "2019.06.03"]
[SourceQuality "1"]
[WhiteTeam "Halle USV"]
[BlackTeam "Borussia Lichtenberg"]
[WhiteTeamCountry "GER"]
[BlackTeamCountry "GER"]

1. e4 b6 2. d4 Bb7 3. Nc3 e6 4. a3 Ne7 5. Nf3 d5 6. e5 c5 7. Ne2 cxd4 8. Nexd4 Ba6 9. Bxa6 Nxa6 10. b4 Ng6 11. 0-0 Rc8 12. Qd3 Nb8 13. Re1 Be7 14. Bd2 0-0 15. Rac1 Rc4 16. c3 Nd7 17. g3 Qb8 1/2-1/2

[Event "GER-chT U14 Girls"]
[Site "Neumuenster"]
[Date "2018.12.30"]
[Round "7.2"]
[White "Stowicek, Yara Mathilda"]
[Black "Gutmann, Anna"]
[Result "0-1"]
[WhiteElo "1651"]
[BlackElo "1499"]
[PlyCount "86"]
[EventDate "2018.12.27"]
[EventType "team-swiss"]
[EventRounds "7"]
[EventCountry "GER"]
[SourceTitle "CBM 188 Extra"]
[Source "ChessBase"]
[SourceDate "2019.02.26"]
[SourceVersion "1"]
[SourceVersionDate "2019.02.26"]
[SourceQuality "1"]
[WhiteTeam "Halle USV"]
[BlackTeam "Weisse Dame"]
[WhiteTeamCountry "GER"]
[BlackTeamCountry "GER"]

1. e4 c6 2. d4 d5 3. exd5 cxd5 4. Bd3 Nc6 5. c3 Qc7 6. h3 Nf6 7. Ne2 Bd7 8. Bf4 e5 9. dxe5 Nxe5 10. 0-0 Bd6 11. Re1 0-0-0 12. Bxe5 Bxe5 13. Nd2 h5 14. Nd4 a6 15. a4 g5 16. b4 h4 17. b5 g4 18. Bf5 Bxf5 19. Nxf5 gxh3 20. gxh3 Rhg8+ 21. Kf1 Ne4 22. Nf3 Qc5 23. N5d4 Bf4 24. Ra2 a5 25. Qd3 Rde8 26. Nb3 Qd6 27. Nbd4 Qc5 28. Ree2 Kb8 29. Rec2 Rc8 30. Nb3 Qb6 31. c4 Rge8 32. cxd5 Rcd8 33. Re2 f5 34. Nxh4 Qf6 35. Nf3 Qh6 36. h4 Rg8 37. Nxa5 Qg6 38. Rec2 Qg2+ 39. Ke1 Qh1+ 40. Ke2 Ng3+ 41. fxg3 Rde8+ 42. Ne5 Rxe5+ 43. Kf2 Qe1+ 0-1

[Event "GER-chT U14 Girls"]
[Site "Neumuenster"]
[Date "2018.12.27"]
[Round "2.2"]
[White "Irrgang, Natascha"]
[Black "Stowicek, Yara Mathilda"]
[Result "0-1"]
[WhiteElo "1164"]
[BlackElo "1651"]
[PlyCount "98"]
[EventDate "2018.12.27"]
[EventType "team-swiss"]
[EventRounds "7"]
[EventCountry "GER"]
[SourceTitle "CBM 188 Extra"]
[Source "ChessBase"]
[SourceDate "2019.02.26"]
[SourceVersion "1"]
[SourceVersionDate "2019.02.26"]
[SourceQuality "1"]
[WhiteTeam "Hofheim"]
[BlackTeam "Halle USV"]
[WhiteTeamCountry "GER"]
[BlackTeamCountry "GER"]

1. e4 e5 2. Nf3 Nc6 3. d4 exd4 4. Nxd4 Qh4 5. Nc3 Bb4 6. Qd3 Nf6 7. Be2 Qxe4 8. Ndb5 Qxd3 9. Bxd3 Ba5 10. Bd2 a6 11. Na3 b5 12. Ne4 Bxd2+ 13. Nxd2 Bb7 14. f3 0-0 15. 0-0 Nb4 16. Be2 Rfe8 17. Rfe1 Re6 18. c3 Nbd5 19. Nc2 c5 20. Bd3 Rae8 21. Ne4 Nxe4 22. Bxe4 Bc6 23. Rad1 Re5 24. Kf2 Kf8 25. Bxh7 g6 26. Bxg6 fxg6 27. b3 Nxc3 28. Rd6 Kf7 29. Rd2 d5 30. h4 d4 31. g4 Nd5 32. Rh1 Ne3 33. h5 Nxg4+ 34. Kg3 gxh5 35. Rf1 Ne3 36. Nxe3 Rxe3 37. Kg2 Re2+ 38. Rxe2 Rxe2+ 39. Kg3 d3 40. Rd1 c4 41. bxc4 bxc4 42. Kf4 d2 43. Kg3 c3 44. a3 c2 45. Rxd2 Rxd2 46. Kf4 c1Q 47. Ke3 Qc3+ 48. Kf4 Qxf3+ 49. Ke5 Qf6# 0-1

[Event "Sachsen-Anhalt Landesliga B 18/19"]
[Site "Sachsen Anhalt"]
[Date "2018.12.16"]
[Round "5.7"]
[White "Stowicek, Yara Mathilda"]
[Black "Naumann, Frank"]
[Result "1/2-1/2"]
[WhiteElo "1728"]
[BlackElo "2287"]
[PlyCount "79"]
[EventDate "2018.09.23"]
[EventType "team-tourn"]
[EventRounds "9"]
[EventCountry "GER"]
[SourceTitle "EXT 2022"]
[Source "ChessBase"]
[SourceDate "2021.10.06"]
[SourceVersion "1"]
[SourceVersionDate "2021.10.06"]
[SourceQuality "1"]
[WhiteTeam "Halle USV III"]
[BlackTeam "Halle Einheit III"]
[WhiteTeamCountry "GER"]
[BlackTeamCountry "GER"]

1. e4 c5 2. d4 cxd4 3. c3 dxc3 4. Nxc3 Nc6 5. Nf3 d6 6. Bc4 e6 7. 0-0 Nf6 8. Qe2 Be7 9. Rd1 Qc7 10. Nb5 Qb8 11. Bf4 e5 12. Bg5 0-0 13. Bxf6 Bxf6 14. Nxd6 Bg4 15. Nb5 a6 16. Nc3 Nd4 17. Qd3 Bxf3 18. gxf3 Qd6 19. Kh1 Rac8 20. Bb3 Rfd8 21. Nd5 b5 22. Rac1 Bg5 23. Rc3 Qh6 24. Rg1 Rxc3 25. bxc3 Ne6 26. Qe2 Nf4 27. Qf1 Nxd5 28. Bxd5 Qf6 29. Qd3 h6 30. Qe2 Rc8 31. c4 bxc4 32. Bxc4 a5 33. a4 Qc6 34. Bb3 Qc3 35. Rb1 Rd8 36. Kg2 Rd2 37. Qc4 Qxc4 38. Bxc4 Bh4 39. Rf1 Kf8 40. Bd5 1/2-1/2

[Event "GER-ch international (Women)"]
[Site "Bodenmais"]
[Date "2018.07.31"]
[Round "4"]
[White "Stowicek, Yara Mathilda"]
[Black "Kuehne, Maria"]
[Result "1-0"]
[WhiteElo "1570"]
[BlackElo "1614"]
[PlyCount "79"]
[EventDate "2018.07.28"]
[EventType "swiss"]
[EventRounds "9"]
[EventCountry "GER"]
[SourceTitle "EXT 2019"]
[Source "ChessBase"]
[SourceDate "2018.10.10"]
[SourceVersion "1"]
[SourceVersionDate "2018.10.10"]
[SourceQuality "1"]

1. e4 d5 2. exd5 Qxd5 3. Nc3 Qd6 4. d4 c6 5. Bc4 Nf6 6. h3 Bf5 7. Nf3 e6 8. Be3 Nbd7 9. Bb3 Qc7 10. Qd2 Bd6 11. Nh4 Be4 12. Nxe4 Nxe4 13. Qd3 Nef6 14. c4 c5 15. Nf3 e5 16. dxe5 Nxe5 17. Qe2 0-0-0 18. 0-0-0 Nc6 19. Kb1 Rhe8 20. Qc2 Nb4 21. Qc1 Nd7 22. a3 Nc6 23. Qc2 Nf6 24. Rhe1 h6 25. Ba4 Kb8 26. Nd2 Re6 27. Nf3 Ne5 28. Nxe5 Rxe5 29. Rd3 Nd7 30. Red1 Nb6 31. Bb3 Ree8 32. g3 Kc8 33. a4 Bf8 34. Bf4 Qe7 35. a5 Rxd3 36. Qxd3 Na8 37. Qf5+ Qe6 38. Qd3 g5 39. Ba4 gxf4 40. Bd7+ 1-0

[Event "GER-ch international (Women)"]
[Site "Bodenmais"]
[Date "2018.07.29"]
[Round "2"]
[White "Stowicek, Yara Mathilda"]
[Black "Lorencova, Vera"]
[Result "0-1"]
[WhiteElo "1570"]
[BlackElo "1862"]
[PlyCount "72"]
[EventDate "2018.07.28"]
[EventType "swiss"]
[EventRounds "9"]
[EventCountry "GER"]
[SourceTitle "EXT 2019"]
[Source "ChessBase"]
[SourceDate "2018.10.10"]
[SourceVersion "1"]
[SourceVersionDate "2018.10.10"]
[SourceQuality "1"]

1. e4 d5 2. exd5 Qxd5 3. Nc3 Qa5 4. d4 Nf6 5. Nf3 Bg4 6. h3 Bh5 7. Bc4 Nc6 8. Be3 0-0-0 9. g4 Bg6 10. 0-0 e5 11. d5 Bb4 12. g5 Bxc3 13. gxf6 Bxb2 14. Rb1 Qc3 15. Bb3 Bh5 16. Bd2 Qxf3 17. Qxf3 Bxf3 18. dxc6 Rxd2 19. cxb7+ Bxb7 20. Rxb2 gxf6 21. Bxf7 Rd6 22. a4 Rf8 23. Ba2 f5 24. a5 Rg6+ 25. Kh2 Rg2+ 26. Kh1 Rxf2+ 27. Kg1 Rg2+ 28. Kh1 Rxc2+ 29. Rxb7 Kxb7 30. Bd5+ c6 31. Be6 f4 32. Rd1 f3 33. Rf1 e4 34. Bg4 Rd8 35. Re1 f2 36. Rf1 e3 0-1

[Event "GER-chT U14 Girls"]
[Site "Neumuenster"]
[Date "2017.12.28"]
[Round "4.1"]
[White "Fricke, Edna Marlene"]
[Black "Stowicek, Yara Mathilda"]
[Result "1/2-1/2"]
[WhiteElo "1493"]
[BlackElo "1572"]
[PlyCount "83"]
[EventDate "2017.12.26"]
[EventType "team-swiss"]
[EventRounds "7"]
[EventCountry "GER"]
[SourceTitle "CBM 182 Extra"]
[Source "ChessBase"]
[SourceDate "2018.02.23"]
[SourceVersion "1"]
[SourceVersionDate "2018.02.23"]
[SourceQuality "1"]
[WhiteTeam "Friedrichshagen"]
[BlackTeam "Halle USV"]
[WhiteTeamCountry "GER"]
[BlackTeamCountry "GER"]

1. e4 e5 2. Nf3 Nc6 3. Bc4 Nf6 4. d3 Bc5 5. c3 a6 6. Nbd2 d6 7. Bb3 Ba7 8. 0-0 0-0 9. Re1 Ne7 10. Nf1 Ng6 11. Ng3 Be6 12. Bg5 h6 13. Be3 Qe7 14. Bxa7 Rxa7 15. d4 exd4 16. cxd4 Raa8 17. Nf5 Qd7 18. Qc2 Rfe8 19. d5 Bxf5 20. exf5 Ne7 21. Rac1 Rac8 22. Re2 Nexd5 23. Rd2 Ne7 24. Ne5 Qxf5 25. Qxf5 Nxf5 26. Bxf7+ Kf8 27. Bxe8 Rxe8 28. Nf3 Re7 29. a3 g5 30. Rdc2 c6 31. g4 Ng7 32. Re1 Rd7 33. Rd2 d5 34. Rd3 Rc7 35. Nd4 Kf7 36. Rf3 Rd7 37. Nf5 Nxf5 38. Rxf5 Re7 39. Rxe7+ Kxe7 40. f4 gxf4 41. Rxf4 Ne4 42. Kf1 1/2-1/2